Classical Music- All H's - Statistics

General Stats
  • This quiz has been taken 95 times
  • The average score is 7 of 11
Answer Stats
Hint Answer % Correct
Grieg's well-known piece from Peer Gynt, "In the____of the Mountain King" Hall
95%
German Baroque-era composer who wrote many oratorios George Frederich Handel
93%
The term "arpeggio" is derived from an Italian word for playing on what instrument? harp
93%
Keyboard instrument that preceded the piano harpsichord
86%
German classic composer who was one of Beethoven's early teachers Franz Joseph Haydn
78%
Note that receives 2 counts in common time half note
66%
Name applied to songs of a religious nature, often composed in 4-part harmony hymns
59%
Term for the chordal structure of a composition harmony
54%
Nickname of Beethoven's piano sonata, Opus 106 Hammerklavier
33%
Nickname of Mozart's Symphony #35, commissioned by a prominent Salzburg family Haffner
20%
Popular set of variations by above composer which were not actually given this name unitl after his death Harmonious Blacksmith
11%
No matching quizzes found
Score Distribution
Percent of People with Each Score
Percentile by Number Answered
Your Score History
You have not taken this quiz